00682nam a2200205Ia 4500003000900000008004100009040001600050080002000066100002400086245014200110260003200252300001600284490006000300650001500360650001300375650001600388650002400404650001900428700002900447IN-BaIIA211028s9999 xx 000 0 eng d cIIA Library a621.389.04bPET aPettit, Joseph Mayo 0aElectronic amplifier circuits theory and designcJoseph Mayo Pettit and Malcolm Myers McWhorter  aNew YorkbMcGraw-Hillc1961 axiii, 325p. aMcGraw-Hill Electrical and Electronic Enginering Series aAmplifiers aCircuits aElectronics aIntegrated Circuits aNASA Thesaurus aMcWhorter, Malcolm Myers